00352pab a2200133 454500008004000000100002100040245006100061260000900122300001300131362001000144650002100154650002300175773002000198180718b2013 xxu||||| |||| 00| 0 eng d aGandhi, Jitendra aLife skill education: An urgent need in higher education c2013 ap.42-43. a9 Dec aHigher education aSkills development aUniversity News